Normal view
MARC view
- Syed Shabbir Ahmad
Entry Personal Name
001 - CONTROL NUMBER
- control field: 9306
003 - CONTROL NUMBER IDENTIFIER
- control field: NUST
005 - DATE AND TIME OF LATEST TRANSACTION
- control field: 20180120161305.0
008 - FIXED-LENGTH DATA ELEMENTS
- fixed length control field: 180120|| aca||aabn | a|a d
040 ## - CATALOGING SOURCE
- Original cataloging agency: NUST
- Transcribing agency: NUST
100 ## - HEADING--PERSONAL NAME
- Personal name: Syed Shabbir Ahmad
670 ## - SOURCE DATA FOUND
- Source citation: Work cat.: (NUST)321132: Syed Shabbir Ahmad, Namaz With Qurani and Masnon Duaen, 2012
